| 000 | 00444nam a22001817a 4500 | ||
|---|---|---|---|
| 003 | MPLRDC | ||
| 005 | 20220104125003.0 | ||
| 008 | 210129b ||||| |||| 00| 0 eng d | ||
| 020 | _a7-220-00378-1 | ||
| 082 | _a175 ROGO | ||
| 100 | _aD.SCOTT ROGO | ||
| 245 |
_a我们潜在的特异功能 _c |
||
| 250 | _a一版一刷 | ||
| 260 |
_a _b四川人民出版社 _c1988 |
||
| 300 | _b平 | ||
| 650 | _a超意识心理 | ||
| 942 |
_cBK _o175 ROGO |
||
| 999 |
_c23723 _d23713 |
||